| 000 | 00911nam a2200277Ia 4500 | ||
|---|---|---|---|
| 003 | OSt | ||
| 005 | 20221007125052.0 | ||
| 006 | a|||||r|||| 00| 0 | ||
| 007 | ta | ||
| 008 | 221006b |||||||| |||| 00| 0 eng d | ||
| 020 |
_a0070487162 (pbk) _c _ 29.95 |
||
| 024 | _a3128 | ||
| 037 |
_bEducational, _cTextual |
||
| 040 |
_aCDL _cCDL _beng |
||
| 041 |
_2eng _aeng |
||
| 082 | _aE5:4, N4;1 | ||
| 100 | _aSmith Michael B | ||
| 245 | 0 | _aOrganic synthesis by Michael B | |
| 260 |
_aNew _bYork Mcgraw-Hill, Inc _c1994 |
||
| 300 |
_a1595p _ccm. |
||
| 500 | _a^mPurchase^n23/CSL/Carc/Cosist/94-95/2427^d1995-02-23; ; 94-95/661^b1995-03-21^c13649/94-95^d1995-03-15^eeducational Book Agency (India); ; 1995-03-27^bSB | ||
| 650 | _a Synthesis | ||
| 650 |
_aChemistry,Organic Compounds _9721458 |
||
| 942 |
_hE5:4, N4;1 _cTEXL _2CC |
||
| 999 |
_c1214606 _d1214606 |
||